000 00579nam a2200217Ia 4500
003 OSt
005 20221007065438.0
006 a|||||r|||| 00| 0
007 ta
008 221006b |||||||| |||| 00| 0 eng d
024 _a42,857
037 _cDissertations
040 _aFLL
_cFLL
_beng
041 _2eng
_aeng
100 _aSmriti
_9481621
245 0 _aRight against self incrimination
_b a comparative study
260 _aFaculty
_bof waw University of Delhi
_c2015
300 _a98 vii
_ccm.
942 _cDIS
_2CC
999 _c1137311
_d1137311